Prácticas de anatomía dental (Registro nro. 8266)
[ vista simple ]
| 000 -Cabecera | |
|---|---|
| Campo de control de longitud fija | 00926cam a2200349 i 4500 |
| 005 - Fecha y hora de la última transacción | |
| Campo de control | 20251104163153.0 |
| 008 - Elementos de longitud fija--Información general | |
| Campo de control de longitud fija | 230507s2016 mx a 001 spa d |
| 020 ## - International Standard Book Number | |
| Número Internacional Estándar del Libro (ISBN) | 9786074485387 |
| 041 ## - Idioma | |
| Código de idioma | Español |
| 082 ## - Clasificación Decimal Dewey | |
| Número de clasificación | 611.314 R585p3 |
| 100 ## - Entrada principal--Autor personal | |
| Nombre personal | Riojas Garza, María Teresa |
| 9 (RLIN) | 10900 |
| 245 ## - Título propiamente dicho | |
| Título | Prácticas de anatomía dental |
| 250 ## - Edición | |
| Mención de edición | 3 edición |
| 260 ## - Pie de imprenta | |
| Lugar de publicación, distribución, etc. | México |
| 260 ## - Pie de imprenta | |
| Nombre del editor, distribuidor, etc. | Manual moderno |
| 260 ## - Pie de imprenta | |
| Fecha de publicación, distribución, etc. | 2016 |
| 300 ## - Descripción física | |
| Extensión | 144 páginas |
| 300 ## - Descripción física | |
| Otras características físicas | Ilustraciones |
| 300 ## - Descripción física | |
| Material acompañante | DVD N°401 |
| 490 ## - Serie | |
| Título de la Serie | Mecánica Dental |
| 650 ## - Materia general | |
| Temática (materia general) | ANATOMÍA DENTAL |
| 650 ## - Materia general | |
| Temática (materia general) | ODONTOLOGÍA |
| 650 ## - Materia general | |
| Temática (materia general) | CATALOGACIÓN DE DENTADURAS |
| 650 ## - Materia general | |
| Temática (materia general) | OCLUSIÓN DENTARIA |
| 650 ## - Materia general | |
| Temática (materia general) | MODELADO DE DIENTES |
| 650 ## - Materia general | |
| Temática (materia general) | ESCULPIDO EN CUBOS DE CERA |
| 650 ## - Materia general | |
| Temática (materia general) | ARTICULADOR |
| 650 ## - Materia general | |
| Temática (materia general) | TÉCNICA DE MODELADO DE PETER K. THOMAS |
| 650 ## - Materia general | |
| Temática (materia general) | MODELADO POR GOTEO |
| 650 ## - Materia general | |
| Temática (materia general) | DIENTES |
| 942 ## - Punto de acceso adicional KOHA | |
| Tipo de ítem KOHA | Libro |
| Fuente del sistema de clasificación o colocación | Dewey Decimal Classification |
| Signatura completa | Código de barras | Tipo de ítem |
|---|---|---|
| 611.314 R585p3 | 21307 | Libro |
| 611.314 R585p3 | 21308 | Libro |
| 611.314 R585p3 | 21345 | Libro |
| 611.314 R585p3 | 21346 | Libro |
| 611.314 R585p3 | 21347 | Libro |